Türkiye küresel büyüme modeli : (Record no. 12804)

MARC details
000 -BAŞLIK
Sabit Uzunlukta Kontrol Alanı 00924nam a22002417a 4500
999 ## - SİSTEM KONTROL NUMARALARI (KOHA)
Koha Biblionumber 12804
Koha Biblioitemnumber 12804
003 - KONTROL NUMARASI IDENTIFIER
Denetim Alanı MIRAKIL
005 - SON İŞLEM TARİHİ VE ZAMANI
Denetim Alanı 20190225171901.0
008 - SABİT-BOY VERİ ELEMANLARI - GENEL BİLGİLER
Sabit Uzunlukta Kontrol Alanı 190225b tu ||||| |||| 00| 0 tur d
020 ## - ULUSLARARASI STANDART KİTAP NUMARASI
Uluslararası Standart Kitap Numarası 9789755183749
040 ## - KATALOGLAMA KAYNAK
Orijinal Kataloglama Ajansı TR-AnCHP
Metne Dönüştürmek Ajansı TR-AnCHP
041 ## - DİL KODU
Metin / Ses Parça Veya Ayrı Başlığın Dil Kodu tur
082 ## - DEWEY ONLU SINIFLANDIRMA NUMARASI
Sınıflandırma Numarası 330.9561
Ürün Numarası E61t 2015
100 1# - ANA GİRİŞ - KİŞİSEL İSİM
Kişisel Ad Ercan, Metin.
245 10 - BAŞLIK TABLOSU
Başlık Türkiye küresel büyüme modeli :
Başlığın Kalan Küresel ekonomik statükoya teslim olmamak için finans kaynağı önerileri /
Sorumluluk Tablosu, Vb Metin Ercan.
246 ## - UNVAN FORM VARYING
Başlık Doğru / Kısa Başlığı Küresel ekonomik statükoya teslim olmamak için finans kaynağı önerileri
260 ## - YAYIN, DAĞITIM, VB
Yayın, Dağıtım, Vb Yeri İstanbul :
Yayıncı, Dağıtıcı, Vs Adı Boğaziçi Üniversitesi,
Yayın, Dağıtım, Vb Tarihi 2015.
300 ## - FİZİKSEL TANIM
Kapsam xvi, 285 s. :
Diğer Fiziksel Ayrıntıları tbl ;
Boyutlar 27 sm.
504 ## - KAYNAKÇA VB NOT
Kaynakça Vb Notu Kaynakça ve dizin vardır.
650 #0 - KONU KATMA GİRİŞ - TOPİKAL DÖNEM
Topikal Süreli Veya Coğrafi Ad Giriş Elemanı Ekonomik koşullar
Coğrafi Alt Bölümü Türkiye
9 (RLIN) 5240
650 #0 - KONU KATMA GİRİŞ - TOPİKAL DÖNEM
Topikal Süreli Veya Coğrafi Ad Giriş Elemanı Ekonomik kalkınma projeleri
9 (RLIN) 5241
740 ## - KATMA GİRİŞ - KONTROLSUZ İLGİLİ / ANALİTİK BAŞLIK
Kontrol Edilmeyen / İlgili Analitik Başlıktaki Küresel ekonomik statükoya teslim olmamak için finans kaynağı önerileri
942 ## - EKLENDİ GİRİŞ ELEMANLARI (KOHA)
Sınıflandırma Veya Raf Düzeni Kaynak Dewey Decimal Classification
Koha Öğesi Türü Books
Holdings
Kalıcı Konum Mevcut Konum Edinme Tarihi Toplam Check-Out'Lar Tam Çağrı Numarası Barkod Tarih Son Görülme İtibaren Geçerli Fiyatlar Koha Öğesi Türü
CHP Kütüphanesi CHP Kütüphanesi 02/25/2019   330.9561 E61t 2015 018893 02/25/2019 02/25/2019 Books